000
00480nam a2200181Ia 4500
008
090124s9999 xx 000 0 und d
082
_b
14662
_a
903
100
_a
सामंत बाळ
245
_a
नवरा बायको
250
_a
1
260
_c
1965
300
_a
78
600
_a
सामंत बाळ
630
_a
नवरा बायको
700
_a
सामंत बाळ
730
_a
नवरा बायको
942
_c
BOOK
999
_c
128602
_d
128602